| 000 | 00578nam a22002057a 4500 | ||
|---|---|---|---|
| 999 |
_c6458 _d6458 |
||
| 003 | OSt | ||
| 005 | 20200122132842.0 | ||
| 008 | 200122b ||||| |||| 00| 0 eng d | ||
| 020 | _a9780534578343 | ||
| 020 | _a0534578349 | ||
| 040 | _cDDC | ||
| 082 | _a302BRE 2006. | ||
| 100 | _4Brecker,J.Steven;Olson,M.James;Wiggins,C.Elizabeth; | ||
| 245 | _aSocial Phychology ALive | ||
| 260 |
_aAustralia _bThomas Wadsworth. _c2006. |
||
| 300 |
_axxv,667p; _bcol,ill; _c28cm. |
||
| 504 | _aincludes glossary references and index. | ||
| 650 |
_aPhychology _96563 |
||
| 942 |
_2ddc _cO_SHELF |
||